<?xml version="1.0" encoding="UTF-8"?>
<record
    xmlns:xsi="http://www.w3.org/2001/XMLSchema-instance"
    xsi:schemaLocation="http://www.loc.gov/MARC21/slim http://www.loc.gov/standards/marcxml/schema/MARC21slim.xsd"
    xmlns="http://www.loc.gov/MARC21/slim">

  <leader>00386nam a2200145Ia 4500</leader>
  <controlfield tag="008">230411s9999    xx            000 0 und d</controlfield>
  <datafield tag="020" ind1=" " ind2=" ">
    <subfield code="a">81-8448-405-4</subfield>
  </datafield>
  <datafield tag="041" ind1=" " ind2=" ">
    <subfield code="a">eng</subfield>
  </datafield>
  <datafield tag="082" ind1=" " ind2=" ">
    <subfield code="a">F/616.0756/PRA/B05664</subfield>
  </datafield>
  <datafield tag="100" ind1=" " ind2=" ">
    <subfield code="a">Pramilaa R</subfield>
  </datafield>
  <datafield tag="245" ind1=" " ind2=" ">
    <subfield code="a">Pocket Book On Laboratory Tests For Nurses</subfield>
  </datafield>
  <datafield tag="260" ind1=" " ind2=" ">
    <subfield code="b">Jaypee Brothers</subfield>
    <subfield code="a">New Delhi</subfield>
    <subfield code="c">2008</subfield>
  </datafield>
  <datafield tag="300" ind1=" " ind2=" ">
    <subfield code="a">91p</subfield>
  </datafield>
  <datafield tag="999" ind1=" " ind2=" ">
    <subfield code="c">156171</subfield>
    <subfield code="d">156171</subfield>
  </datafield>
  <datafield tag="952" ind1=" " ind2=" ">
    <subfield code="0">0</subfield>
    <subfield code="1">0</subfield>
    <subfield code="4">0</subfield>
    <subfield code="7">0</subfield>
    <subfield code="8">F</subfield>
    <subfield code="a">BTIN</subfield>
    <subfield code="b">BTIN</subfield>
    <subfield code="d">2009-02-28</subfield>
    <subfield code="e">Jaypee Brothers Medical Publishers</subfield>
    <subfield code="g">80.00</subfield>
    <subfield code="i">3107</subfield>
    <subfield code="l">0</subfield>
    <subfield code="o">F 616.0756 PRA B05664</subfield>
    <subfield code="p">BTIN-BK-5664</subfield>
    <subfield code="r">2023-04-11 00:00:00</subfield>
    <subfield code="v">58.00</subfield>
    <subfield code="w">2011-09-26</subfield>
    <subfield code="y">BK</subfield>
    <subfield code="z">B05664</subfield>
  </datafield>
  <datafield tag="952" ind1=" " ind2=" ">
    <subfield code="0">0</subfield>
    <subfield code="1">0</subfield>
    <subfield code="4">0</subfield>
    <subfield code="7">0</subfield>
    <subfield code="8">F</subfield>
    <subfield code="a">BTIN</subfield>
    <subfield code="b">BTIN</subfield>
    <subfield code="d">2011-09-26</subfield>
    <subfield code="e">Jaypee Brothers Medical Publishers</subfield>
    <subfield code="g">125.00</subfield>
    <subfield code="i">3107</subfield>
    <subfield code="l">0</subfield>
    <subfield code="o">F 616.0756 PRA B06854</subfield>
    <subfield code="p">BTIN-BK-6854</subfield>
    <subfield code="r">2023-04-11 00:00:00</subfield>
    <subfield code="v">91.00</subfield>
    <subfield code="w">2011-09-26</subfield>
    <subfield code="y">BK</subfield>
    <subfield code="z">B06854</subfield>
  </datafield>
  <datafield tag="952" ind1=" " ind2=" ">
    <subfield code="0">0</subfield>
    <subfield code="1">0</subfield>
    <subfield code="4">0</subfield>
    <subfield code="7">0</subfield>
    <subfield code="8">F</subfield>
    <subfield code="a">BTIN</subfield>
    <subfield code="b">BTIN</subfield>
    <subfield code="d">2011-09-26</subfield>
    <subfield code="e">Jaypee Brothers Medical Publishers</subfield>
    <subfield code="g">125.00</subfield>
    <subfield code="i">3107</subfield>
    <subfield code="l">0</subfield>
    <subfield code="o">F 616.0756 PRA B06855</subfield>
    <subfield code="p">BTIN-BK-6855</subfield>
    <subfield code="r">2023-04-11 00:00:00</subfield>
    <subfield code="v">91.00</subfield>
    <subfield code="w">2011-09-26</subfield>
    <subfield code="y">BK</subfield>
    <subfield code="z">B06855</subfield>
  </datafield>
  <datafield tag="952" ind1=" " ind2=" ">
    <subfield code="0">0</subfield>
    <subfield code="1">0</subfield>
    <subfield code="4">0</subfield>
    <subfield code="7">0</subfield>
    <subfield code="8">F</subfield>
    <subfield code="a">BTIN</subfield>
    <subfield code="b">BTIN</subfield>
    <subfield code="d">2011-09-26</subfield>
    <subfield code="e">Jaypee Brothers Medical Publishers</subfield>
    <subfield code="g">125.00</subfield>
    <subfield code="i">3107</subfield>
    <subfield code="l">0</subfield>
    <subfield code="o">F 616.0756 PRA B06856</subfield>
    <subfield code="p">BTIN-BK-6856</subfield>
    <subfield code="r">2023-04-11 00:00:00</subfield>
    <subfield code="v">91.00</subfield>
    <subfield code="w">2011-09-26</subfield>
    <subfield code="y">BK</subfield>
    <subfield code="z">B06856</subfield>
  </datafield>
  <datafield tag="952" ind1=" " ind2=" ">
    <subfield code="0">0</subfield>
    <subfield code="1">0</subfield>
    <subfield code="4">0</subfield>
    <subfield code="7">0</subfield>
    <subfield code="8">F</subfield>
    <subfield code="a">BTIN</subfield>
    <subfield code="b">BTIN</subfield>
    <subfield code="d">2011-09-26</subfield>
    <subfield code="e">Jaypee Brothers Medical Publishers</subfield>
    <subfield code="g">125.00</subfield>
    <subfield code="i">3107</subfield>
    <subfield code="l">0</subfield>
    <subfield code="o">F 616.0756 PRA B06857</subfield>
    <subfield code="p">BTIN-BK-6857</subfield>
    <subfield code="r">2023-04-11 00:00:00</subfield>
    <subfield code="v">91.00</subfield>
    <subfield code="w">2011-09-26</subfield>
    <subfield code="y">BK</subfield>
    <subfield code="z">B06857</subfield>
  </datafield>
  <datafield tag="952" ind1=" " ind2=" ">
    <subfield code="0">0</subfield>
    <subfield code="1">0</subfield>
    <subfield code="4">0</subfield>
    <subfield code="7">0</subfield>
    <subfield code="8">F</subfield>
    <subfield code="a">BTIN</subfield>
    <subfield code="b">BTIN</subfield>
    <subfield code="d">2011-09-26</subfield>
    <subfield code="e">Jaypee Brothers Medical Publishers</subfield>
    <subfield code="g">125.00</subfield>
    <subfield code="i">3107</subfield>
    <subfield code="l">0</subfield>
    <subfield code="o">F 616.0756 PRA B06858</subfield>
    <subfield code="p">BTIN-BK-6858</subfield>
    <subfield code="r">2023-04-11 00:00:00</subfield>
    <subfield code="v">91.00</subfield>
    <subfield code="w">2011-09-26</subfield>
    <subfield code="y">BK</subfield>
    <subfield code="z">B06858</subfield>
  </datafield>
</record>
